[Event "Sheikh Russel GM 2021"]
[Site "Dhaka"]
[Date "2021.10.22"]
[Round "4.7"]
[White "Neelash Saha"]
[Black "Stany, G.A."]
[Result "1/2-1/2"]
[WhiteElo "2421"]
[BlackElo "2522"]
[Annotator "TA"]
[PlyCount "131"]
[EventDate "2021.10.19"]
[EventType "swiss"]
[EventCountry "BAN"]
[SourceTitle "playchess.com"]
[Source "ChessBase"]
[SourceQuality "1"]

{[%evp 14,131,14,0,0,0,0,0,1,0,12,0,4,8,10,-6,0,-11,0,-19,0,-7,0,-37,-27,-63,-40,-57,-31,-25,0,-22,14,20,31,21,43,45,91,81,94,74,59,66,95,61,98,90,86,-15,-22,-25,-19,-38,12,11,33,0,0,0,0,0,14,37,81,95,110,105,110,87,81,62,69,67,68,65,64,66,62,0,176,116,114,113,188,202,219,227,249,249,272,75,187,181,195,119,188,8,17,13,14,0,0,0,0,0,0,0,0,0,0,0,0,0,0,0,0,0,0,0]} 1. d4 d5 2. c4 c6 3. Nf3 Nf6 4. e3 e6 5. Nc3 Nbd7 6. Be2 Bd6 $1 {6...Bd6 scores better than 6...dxc4.} 7. O-O O-O 8. b3 b6 {D45: Semi-Slav: 5 e3.} 9. Bb2 Bb7 10. Bd3 Qe7 11. Re1 c5 12. cxd5 exd5 13. Ne2 Ne4 14. Ng3 {[#]} g6 $146 ({Predecessor:} 14... f5 15. Qe2 Rad8 16. Red1 Qe6 17. a4 a5 18. Rac1 Ndf6 19. Rc2 Ng4 20. Qe1 Qh6 {0-1 (34) Guichard,P (2413)-Sebag,M (2438) Chalons en Champagne 2021}) 15. Rc1 Rac8 16. Rc2 Rc7 17. dxc5 bxc5 18. Qa1 f5 19. Rd1 a6 20. Ne2 Re8 (20... g5 {feels hotter.} 21. Rf1 g4 22. Ne1 Ne5 23. Qd1 Rf7) 21. Nc3 Nxc3 (21... g5 {looks sharper.} 22. g3 Nb6 23. Bf1 h6 24. Bg2 Qf7) 22. Rxc3 Nb6 {White must now prevent ...d4!} 23. Bf1 h6 24. g3 Kh7 25. Bg2 Qf7 26. Rc2 Rce7 27. Ba3 Rc7 28. Ne1 Be5 29. Qb1 c4 30. Nf3 Bg7 31. Bb2 ({White should try} 31. Nd4 $16) 31... c3 $11 32. Ba3 d4 33. Nxd4 Be4 34. Bxe4 fxe4 35. Bd6 Rcc8 36. Qc1 Nd5 37. Qa3 Red8 38. Bc5 (38. Qxa6 $2 Qd7 $17) 38... Qf6 39. b4 Rd7 40. Qb3 Qg5 41. Re1 Qg4 42. Qa4 Bxd4 43. Bxd4 Nf4 $1 {[%cal Rf4h3]} 44. exf4 ({Not} 44. Rxc3 $2 Nh3+ 45. Kf1 Rf8 $19) 44... Rxd4 45. Qxa6 Qd7 46. Re3 (46. Qe2 $1 $14) 46... Qh3 $2 (46... Rd6 $1 $11 {and Black stays safe.} 47. Qa3 h5) 47. Qf1 ({Better is} 47. Rc1 $18 {aiming for Qb7+.} Rcc4 48. g4 Qxg4+ 49. Rg3) 47... Qd7 $16 48. Kg2 $1 (48. Rexc3 $2 Rxc3 49. Rxc3 Rd1 $19) 48... Rd3 (48... Rd1 $16 {was worth a try.} 49. Qa6 Rd3) 49. Rxe4 $18 {And now Re7+! would win.} Rd2 {[#]} 50. Re2 $1 Qd5+ 51. f3 {Threatens to win with Rcxd2.} Re8 {Strongly threatening ...Rexe2+.} 52. Rf2 (52. Rexd2 $18 cxd2 53. Qd1 (53. Rc7+ $2 Kg8 $19)) 52... Rxc2 (52... Rd3 $16) 53. Rxc2 $16 {[%mdl 4096] Endgame KQR-KQR} Re3 54. b5 (54. a4 $18) 54... Rd3 {[#]} (54... g5 $16 {was necessary.} 55. fxg5 hxg5) 55. b6 $2 ({White must play} 55. Qe2 $1 $18) 55... Rd2+ $1 $11 {The position is equal.} 56. Rxd2 Qxd2+ {KQ-KQ} 57. Qf2 Qb2 {Hoping for ...c2.} 58. b7 $1 Qxb7 {...Qb2 is the strong threat.} 59. Qc5 Qb2+ {[%mdl 64] Double Attack} 60. Kh3 c2 61. Qc7+ Kg8 62. Qc8+ Kf7 63. Qd7+ Kg8 64. Qc8+ Kf7 65. Qd7+ Kg8 66. Qc8+ {Black escapes into a draw.  Weighted Error Value: White=0.23/Black=0.19} 1/2-1/2

[Event "Sheikh Russel GM 2021"]
[Site "Dhaka"]
[Date "2021.10.22"]
[Round "4.8"]
[White "Shyam, Sundar M."]
[Black "Koustav Chatterjee"]
[Result "1-0"]
[WhiteElo "2518"]
[BlackElo "2431"]
[Annotator "TA"]
[PlyCount "129"]
[EventDate "2021.10.19"]
[EventType "swiss"]
[EventCountry "BAN"]
[SourceTitle "playchess.com"]
[Source "ChessBase"]
[SourceQuality "1"]

{[%evp 16,129,0,0,10,7,22,13,6,5,5,6,5,5,16,9,14,2,78,75,81,16,15,16,34,11,13,0,0,0,-9,-13,-3,-14,0,0,58,54,61,50,68,68,62,71,75,48,58,18,53,52,84,79,97,65,79,86,143,143,131,130,130,129,130,111,108,100,117,12,25,0,0,0,1,0,1,0,0,0,5,5,881,776,873,599,552,0,365,5,5,0,0,0,0,0,0,0,0,0,5809,5788,5781,5748,5691,5697,5408,5106,4439,3357,6098,6098,29973,29975,29974,29975,29976,4622]} 1. e4 e5 2. Nf3 Nc6 3. Bb5 Nf6 4. O-O Nxe4 5. d4 Nd6 6. dxe5 Nxb5 7. a4 Nbd4 8. Nxd4 Nxd4 9. Qxd4 d5 $1 {C67: Ruy Lopez: Berlin Defence: 4 0-0 Nxe4.} 10. Qd3 Qd7 11. Nc3 c6 {The position is equal.} 12. Ne2 Be7 13. f4 Qf5 14. Qc3 Qe4 15. Ng3 Qb4 {[#]} 16. Qf3 $146 ({Predecessor:} 16. Qd3 h5 17. c3 Qc4 18. Qxc4 dxc4 19. Be3 h4 20. Ne4 Bf5 21. Nf2 a5 22. Rfd1 {0-1 (42) De la Villa Garcia,J (2490)-Batchuluun,T (2427) Pardubice 2011}) 16... Bd7 (16... O-O $11 {keeps the balance.}) 17. Be3 $16 Bc5 ({Don't play} 17... Qxb2 $6 18. Rfb1 $11) 18. c3 (18. a5 $16) 18... Bxe3+ $11 19. Qxe3 Qb6 20. Qd4 h5 21. h4 Bg4 ({Of course not} 21... Qxb2 $6 22. Rab1 $16) 22. f5 Qxd4+ ({Don't blunder} 22... Qxb2 $2 23. Rfb1 $18) 23. cxd4 a5 24. Ra3 Kd7 25. Rf4 Ra6 ({Better is} 25... f6 $11) 26. Rb3 $1 $14 {[%cal Rb3b7]} Kc7 27. Nf1 Rb6 28. Rxb6 Kxb6 {[%mdl 4096] Endgame KRB-KRN} 29. Ne3 Be2 30. Kf2 Bd3 31. Kg3 Kc7 32. f6 Rg8 {With the idea ...gxf6+.} 33. fxg7 Rxg7+ 34. Kf2 Be4 35. g4 hxg4 (35... c5 $142) 36. Nxg4 $16 b5 37. h5 bxa4 38. h6 Rh7 39. Rf6 Kb6 40. Ke3 Kb5 {[#]} 41. Nf2 (41. Kf4 $1 $16) 41... c5 $11 42. Nxe4 (42. Ng4 {seems wilder.} Bb1 43. Rf1 Bg6 44. dxc5 Kxc5 45. Rc1+) 42... cxd4+ 43. Kxd4 {Intending Nc3+ and mate.} (43. Kf4 {looks sharper.} dxe4 44. Kxe4 Kc4 45. Rd6 Kb3 46. Kxd4 Kxb2 47. Rb6+) 43... dxe4 44. Kxe4 {KR-KR} Kc4 45. Rb6 {Threatens to win with Kf5.} Kc5 $1 {[%cal Rc5b6]} 46. Ra6 {Black should prevent Kf5.} Kb5 47. Rd6 {Hoping for Kf5.} a3 $2 {[%mdl 8192]} (47... Kb4 $11) 48. bxa3 $18 Ka4 49. Ra6 Kb5 50. Rd6 Ka4 $1 51. Rb6 $2 ({White should play} 51. Kd4 $18) 51... Kxa3 $11 52. Kf5 a4 53. Kg5 (53. Ke4 {with more complications.} Rh8 54. Kd3 Ka2 55. Kc3 a3 56. Rc6) 53... Ka2 54. Kh5 a3 55. Rb8 Ka1 56. Rb7 Rh8 $2 {[%mdl 8192]} (56... Ka2 $11) 57. Rxf7 $18 Re8 58. Rf5 a2 {[#]} 59. h7 $1 Kb2 60. Rf2+ Kb3 {[#]} 61. Rxa2 $1 {[%mdl 512]} Rxe5+ (61... Kxa2 62. e6) 62. Kg4 Re4+ 63. Kf5 {White mates.} Rh4 64. Ra7 Rh1 65. Ke4 {Weighted Error Value: White=0.32/Black=0.18} (65. Kg6 $142 Rg1+ 66. Kf7 Rf1+ 67. Kg8 Re1 68. h8=Q Re8+ 69. Kg7 Rxh8 70. Kxh8) 1-0

[Event "Sheikh Russel GM 2021"]
[Site "Dhaka"]
[Date "2021.10.22"]
[Round "4.9"]
[White "Das, Sayantan"]
[Black "Mousavi, Seyed Khalil"]
[Result "0-1"]
[WhiteElo "2444"]
[BlackElo "2510"]
[Annotator "TA"]
[PlyCount "130"]
[EventDate "2021.10.19"]
[EventType "swiss"]
[EventCountry "BAN"]
[SourceTitle "playchess.com"]
[Source "ChessBase"]
[SourceQuality "1"]

{[%evp 14,130,2,12,23,14,20,6,8,16,15,0,0,0,0,0,0,-13,10,5,20,-22,-17,-19,-9,-23,-17,-18,22,-51,75,0,0,-35,-27,-83,-51,-52,-54,-96,-81,-79,-40,-43,0,0,0,-22,0,0,0,0,0,0,29,2,127,0,16,0,0,-20,-18,-18,-23,-25,0,-35,-25,-72,-20,-26,-13,-41,-47,-62,-27,-38,-7,-15,0,-87,0,-120,-46,-158,-168,-158,-151,-147,-170,-207,-157,-127,-107,-198,-205,-293,-241,-309,-231,-233,-182,-330,-309,-312,-275,-291,-234,-221,-254,-231,-254,-254,-222,-793,-867,-722,-686]} 1. e4 e5 2. Nf3 Nc6 3. Bb5 a6 4. Ba4 Nf6 5. d3 Bc5 6. O-O b5 7. Bb3 O-O 8. Nc3 Nd4 {C78: Ruy Lopez: Archangelsk and Möller Defences.} 9. Nxd4 Bxd4 {[#]} 10. a4 $146 ({Predecessor:} 10. Nd5 c6 11. c3 Ba7 12. Nxf6+ Qxf6 13. Be3 d6 14. Qd2 Be6 15. Bxa7 Rxa7 16. f4 {½-½ (42) Pickersgill,A (2093)-Dickson,G (2171) Hastings 2007}) 10... b4 {The position is equal.} 11. Ne2 Ba7 12. Ng3 d6 13. Bg5 h6 14. Be3 Bxe3 15. fxe3 g6 16. Qd2 c5 17. d4 Qe7 18. dxc5 dxc5 19. Rad1 {aiming for Qd6.} Kg7 20. Qd6 Re8 21. a5 ({White should try} 21. Qb6 $1 $11) 21... Bb7 (21... Qxd6 $15 {keeps the upper hand.} 22. Rxd6 Be6) 22. Rd2 (22. h4 $1 $16 Bc8 23. h5) 22... Rac8 $11 23. Bc4 (23. Ba4 $5 {[%cal Ra4e8]}) 23... Rc6 24. Qd3 (24. Qxe7 $11 {remains equal.} Rxe7 25. Rd8) 24... Bc8 25. Bd5 Rd6 26. c3 h5 27. h3 bxc3 28. Qxc3 Qd8 29. Rfd1 {Strongly threatening Bxf7!} Qe7 30. Qxc5 h4 31. Nf1 Bd7 32. Qa3 Bb5 33. Nh2 Qc7 34. Nf3 Nh5 (34... Nxd5 $11 35. exd5 (35. Rxd5 Rc6 $11) 35... e4) 35. Qc3 (35. Nxh4 $16 Nf6 36. Nf3) 35... Qe7 $1 36. Bc4 Rc6 37. b3 Bxc4 38. bxc4 Ng3 39. Qd3 Rc5 40. Ra1 Rec8 {[%mdl 1024] Black has compensation.} 41. Ra4 g5 (41... Qe8 $17 42. Rda2 Rd8) 42. Rd1 Rb8 43. Qc2 Rc7 44. Nh2 Rcb7 {Hoping for ...Rb2.} 45. Ra2 Rb4 46. Nf1 $1 Qe6 47. Rc1 (47. Nxg3 $11 hxg3 48. Qe2) 47... g4 (47... Rc8 $1 $17 48. Qd3 Rcxc4 49. Rxc4 Qxc4 50. Qxc4 Rxc4 51. Nxg3 hxg3) 48. Qf2 {[#]} (48. Nxg3 $11 {keeps the balance.} hxg3 49. Qd1) 48... Rxc4 (48... Rb1 $1 $17 {[%cal Rb1c1]} 49. Qe1 Rxc1 50. Qxc1 gxh3 51. Nxg3 hxg3) 49. Re1 (49. Raa1 $15) 49... Rxe4 $17 ({Don't do} 49... Nxe4 50. Qxh4 gxh3 51. Qxh3 $17) 50. Rc2 Nf5 51. hxg4 Rxg4 52. Qf3 Rg6 53. Rec1 Ne7 54. Kh1 {[#]} (54. e4 $17) 54... e4 $1 $19 {[%cal Re4f3]} 55. Qf4 (55. Qd1 {might work better.}) 55... Rb5 56. Nd2 Rg4 ({Weaker is} 56... Rxa5 57. Nxe4 h3 58. Nc5 $19) 57. Qc7 Rbg5 58. Nf1 (58. Qb6 $142) 58... Nd5 59. Qb8 h3 60. g3 {If only White now had time for Rc8....} Qf6 61. Qb2 Qxb2 62. Rxb2 Nf6 63. Ra2 Nh5 64. Rc4 $2 (64. Rf2) 64... Rf5 65. Kg1 Nxg3 {Weighted Error Value: White=0.40/Black=0.21} 0-1

[Event "Sheikh Russel GM 2021"]
[Site "Dhaka"]
[Date "2021.10.22"]
[Round "4.10"]
[White "Laxman, R.R."]
[Black "Pranav Vijay"]
[Result "1/2-1/2"]
[WhiteElo "2411"]
[BlackElo "2265"]
[Annotator "TA"]
[PlyCount "86"]
[EventDate "2021.10.19"]
[EventType "swiss"]
[EventCountry "BAN"]
[SourceTitle "playchess.com"]
[Source "ChessBase"]
[SourceQuality "1"]

{[%evp 19,86,17,27,19,6,0,7,-15,-11,-25,-2,0,10,0,9,0,0,-22,-11,-7,-6,0,-8,-3,15,-36,-37,-42,0,0,0,0,0,0,-3,-9,-8,-15,-6,-13,-6,-15,0,0,0,0,0,0,0,0,0,0,0,0,0,0,0,0,0,0,0,0,0,0,0,0,0,0,0]} 1. d4 Nf6 2. Nf3 e6 3. c4 Bb4+ 4. Nbd2 b6 5. g3 Bb7 6. Bg2 O-O 7. O-O c5 8. a3 Bxd2 9. Bxd2 {is the legacy move (9.Qxd2).} d6 10. dxc5 bxc5 {[#]} 11. b4 $146 {E16: Queen's Indian: 4 g3 Bb7 5 Bg2 Bb4+.} ({Predecessor:} 11. Bf4 d5 12. cxd5 Bxd5 13. Qc2 Qb6 14. Be3 Nbd7 15. b4 Rfc8 16. Rfc1 Qa6 17. bxc5 Ne4 18. Nd2 Ndxc5 19. Nxe4 Nxe4 {0-1 (40) Paunovic,D (2400)-Trifunovic,M (2275) Vrnjacka Banja 1988}) 11... Nbd7 12. Qc2 Qc7 13. b5 Be4 14. Qc3 Qb7 15. Bg5 Rac8 16. Bh3 d5 17. Nd2 d4 18. Qa5 Bg6 19. Bxf6 Nxf6 20. Bg2 Qe7 21. Rfe1 e5 22. e4 (22. e3 $1 $11) 22... Ne8 $15 23. a4 {[%cal Ba3a4,Ba4a5,Ba5a6][%mdl 32]} Nd6 24. b6 $1 {The position is equal.} axb6 25. Qxb6 Rc7 26. a5 Ra8 27. a6 Nc8 28. Qa5 h6 29. Reb1 {Threatening Rb7!} Kh7 30. h4 Rc6 31. Bh3 Rcxa6 32. Qxa6 Rxa6 33. Rxa6 Qc7 34. Kg2 Nd6 {[#] White must now prevent ...Nxc4!} 35. f3 Nc8 36. Rb2 h5 37. Rb5 Nd6 38. Rbb6 Nc8 39. Bxc8 Qxc8 40. Ra7 Qd8 41. Rbb7 Qc8 42. Rc7 Qb8 43. Rcb7 Qc8 {Weighted Error Value: White=0.06/Black=0.04} 1/2-1/2

[Event "Sheikh Russel GM 2021"]
[Site "Dhaka"]
[Date "2021.10.22"]
[Round "4.12"]
[White "Rios, Cristhian Camilo"]
[Black "Himanshu, Sharma"]
[Result "0-1"]
[WhiteElo "2457"]
[BlackElo "2394"]
[Annotator "TA"]
[PlyCount "112"]
[EventDate "2021.10.19"]
[EventType "swiss"]
[EventCountry "BAN"]
[SourceTitle "playchess.com"]
[Source "ChessBase"]
[SourceQuality "1"]

{[%evp 20,112,19,3,17,2,0,-12,-16,-31,-4,-46,-15,-31,-13,-14,-13,-8,-10,-23,0,0,-9,-14,0,0,0,-6,-11,-16,-22,-14,-12,-20,-4,-1,0,-4,-9,-14,-4,-11,0,-20,-22,-27,0,-2,-5,-3,0,0,0,0,0,-18,-18,-28,-3,-60,-16,-32,-30,-39,-14,-8,-8,-8,-14,-36,-57,-64,0,-12,-16,-22,0,-8,-6,-15,0,0,0,-9,-9,-9,-8,-8,-10,-14,-9,-1184,-1168,-1563,-1561]} 1. d4 d5 2. c4 c6 3. Nf3 Nf6 4. Qb3 dxc4 5. Qxc4 Bf5 6. g3 e6 7. Bg2 Nbd7 8. O-O Be7 9. Nc3 O-O 10. e3 Ne4 11. Qe2 Qa5 {D23: Queen's Gambit Accepted: 3 Nf3 Nf6 sidelines.} 12. Nxe4 (12. Bd2 {is more complex.} Qb6 13. Nxe4 Bxe4 14. Rfd1 Rfd8 15. Bc3) 12... Bxe4 13. Rd1 {[#]} Qh5 $146 {The position is equal.} ({Predecessor:} 13... Rfd8 14. Bd2 Qd5 15. Bc3 Rac8 16. Ne1 Bxg2 17. Nxg2 Nf6 18. Nf4 Qf5 19. f3 Nd5 {0-1 (52) Gaprindashvili,N (2356)-Mikadze,M (2329) Batumi 2012}) 14. Bd2 Rad8 15. h3 Nb6 16. Rac1 Bd6 17. Be1 a6 18. a3 Rfe8 19. Kf1 Qd5 20. Nh4 Bxg2+ 21. Nxg2 f5 22. Kg1 Rd7 23. Nh4 Qb5 24. Rc2 Qxe2 25. Rxe2 Nd5 26. Nf3 e5 27. dxe5 Bxe5 28. Nxe5 Rxe5 29. Rc2 g5 30. Bc3 Re4 31. Rcd2 Kf7 32. Rd4 Rde7 33. Rxe4 Rxe4 $11 {[%mdl 4096] Endgame KRB-KRN} 34. Bd4 h5 35. f3 Re6 36. Kf2 a5 {[%cal Ba6a5,Ba5a4][%mdl 32]} 37. f4 gxf4 38. gxf4 Rg6 39. Rc1 (39. a4 $11) 39... a4 40. Rc4 b5 41. Rc1 Ke7 42. Re1 Ke6 43. Rc1 Kd6 44. Be5+ Kd7 45. Re1 c5 (45... Nb6 $15) 46. e4 fxe4 47. Rxe4 Ne7 48. Re2 Nf5 49. Rd2+ Kc6 50. Rd8 b4 51. Rh8 bxa3 52. bxa3 Kd5 53. Rxh5 Ke4 54. Rh7 c4 55. h4 $2 {[%mdl 8192] [#]} (55. Rd7 $11) 55... Ne3 $1 $19 {( -> ...Rg2+)} 56. Rg7 Ng4+ {[%mdl 64] Double Attack.  Weighted Error Value: White=0.36/Black=0.09} 0-1

[Event "Sheikh Russel GM 2021"]
[Site "Dhaka"]
[Date "2021.10.22"]
[Round "4.13"]
[White "Rasulov, Vugar"]
[Black "Kislinsky, Alexey"]
[Result "1-0"]
[WhiteElo "2452"]
[BlackElo "2335"]
[Annotator "TA"]
[PlyCount "157"]
[EventDate "2021.10.19"]
[EventType "swiss"]
[EventCountry "BAN"]
[SourceTitle "playchess.com"]
[Source "ChessBase"]
[SourceQuality "1"]

{[%evp 9,157,2,2,0,0,0,0,0,0,0,0,-57,-25,-12,-6,-9,0,0,0,0,0,-22,-24,-25,-18,-14,-9,-15,-15,-16,10,0,24,34,61,51,65,43,50,54,43,6,81,24,68,75,83,0,17,11,79,63,54,31,44,0,0,0,0,0,6,6,22,0,0,0,0,0,0,0,0,0,0,0,0,0,0,0,0,0,0,0,0,0,0,0,0,0,6,6,6,6,12,12,12,12,12,6,12,12,12,12,12,12,12,12,12,12,12,12,27,6,6,27,37,37,37,0,24,8,31,0,50,48,59,44,75,31,70,60,76,66,55,52,48,55,48,54,55,17,55,60,34,23,466,444,429,431,12843,12843]} 1. d4 Nf6 2. Nf3 g6 3. Bf4 Bg7 4. e3 d6 5. Be2 Nh5 6. Bg5 {A48: 1 d4 Nf6 2 Nf3 g6: Torre, London and Colle Systems.} h6 7. Bh4 c5 8. c3 {The position is equal.} g5 9. Nfd2 cxd4 {[#]} 10. Bb5+ $146 ({But not} 10. Bxh5 dxe3 11. Nc4 (11. fxe3 gxh4 12. Qa4+ Nc6 $17) 11... gxh4 $17) (10. cxd4 $11 Nf4 11. exf4 gxh4 12. Nb3) ({Predecessor:} 10. cxd4 Nf4 11. exf4 gxh4 12. Nb3 Nc6 13. Nc3 d5 14. O-O O-O 15. Bb5 Bf5 16. Bd3 Bxd3 17. Qxd3 {½-½ (31) Kosic,B (2425)-Fischer,W (2439) ICCF email 2018}) 10... Bd7 11. Bxd7+ Nxd7 12. cxd4 Ndf6 13. Bg3 Qb6 14. Qb3 Qxb3 15. Nxb3 Nd5 16. Nc3 Nxc3 17. bxc3 Rc8 18. Kd2 f5 19. f3 Nxg3 20. hxg3 h5 21. Kd3 Kf7 22. Nd2 Kg6 23. a4 Rc7 24. Rab1 Rhc8 25. Rb3 Rd7 (25... e5 $11 {keeps the balance.}) 26. a5 (26. Rb5 $16) 26... Bf6 27. Rhb1 Rcc7 28. Nc4 (28. Rb5 $16) 28... d5 29. Na3 a6 (29... e6 $11) 30. Rb6 $16 Kf7 31. Nc2 e6 32. Rh1 h4 33. gxh4 gxh4 34. f4 Rc4 35. Rhb1 Rdc7 36. R1b3 Bd8 $1 37. Ne1 Kf6 38. Rxb7 Rxc3+ 39. Rxc3 Rxb7 $11 {[%mdl 4096] Endgame KRB-KRN} 40. Nf3 Bxa5 41. Ra3 Bd8 42. Rxa6 Rb3+ 43. Ke2 Rb2+ 44. Kf1 Rb1+ 45. Kf2 Rb2+ 46. Kf1 Rb1+ 47. Ke2 Rb2+ 48. Kd1 Rxg2 (48... Rb3 {keeps more tension.} 49. Ke2) 49. Nxh4 Rg3 (49... Rf2 {looks sharper.} 50. Ke1 Rb2 51. Nf3 Rb6 52. Ra7 Rb3) 50. Ke2 Kf7 51. Ra7+ Ke8 52. Nf3 Bf6 53. Ne1 Rg7 54. Ra6 Re7 55. Nd3 Kf7 56. Nc5 Bg7 57. Kd3 Bf8 58. Ra8 Bg7 59. Kc3 Bf6 $1 60. Kb4 (60. Kd2 {seems wilder.} Kg6 61. Ra6 Kf7 62. Rd6 Re8 63. Ke2) 60... Bh4 $1 61. Ra2 Re8 62. Kb5 Be7 63. Nd7 Rg8 64. Ne5+ Kf6 65. Kc6 (65. Rh2 $5 {[%cal Rh2h7]} Bf8 66. Nd7+ Ke7 67. Rh7+ Bg7 68. Kc6 $14) 65... Rg7 66. Rh2 {Rh6+ would kill now.} Ba3 $1 67. Nd3 Rg3 $1 68. Rh6+ Ke7 69. Rh7+ Ke8 $1 70. Ra7 Be7 71. Ne5 {Threatens to win with Ra8+.} Bb4 72. Rb7 Ba3 73. Rb3 Bf8 $1 74. Rb8+ Ke7 75. Ra8 Rg2 76. Kc7 Rc2+ $2 {[%mdl 8192] [#]} (76... Rg3 $1 $11) 77. Nc6+ $1 $18 {White is clearly winning.} Kf7 78. Kd7 Rxc6 {[#]} (78... Bg7 $142 79. Nd8+ {[%mdl 64] Double Attack} Kf6 80. Nxe6 Rh2 81. Nxg7 Kxg7) 79. Rxf8+ $1 {[%mdl 512] Weighted Error Value: White=0.08/Black=0.08} 1-0

[Event "Sheikh Russel GM 2021"]
[Site "Dhaka"]
[Date "2021.10.22"]
[Round "4.14"]
[White "Liyanage, Ranindu Dilshan"]
[Black "Aditya Mittal"]
[Result "0-1"]
[WhiteElo "2273"]
[BlackElo "2447"]
[Annotator "TA"]
[PlyCount "94"]
[EventDate "2021.10.19"]
[EventType "swiss"]
[EventCountry "BAN"]
[SourceTitle "playchess.com"]
[Source "ChessBase"]
[SourceQuality "1"]

{[%evp 17,94,42,23,14,12,0,14,8,41,35,47,27,43,18,52,8,0,-13,-3,0,-7,-42,-38,-50,-38,-28,-18,-93,-88,-99,-99,-166,-158,-165,-149,-186,-128,-175,-155,-152,-130,-203,-185,-177,-133,-216,-108,-104,-79,-93,-79,-97,-79,-79,-87,-299,-218,-200,-213,-206,-204,-275,-279,-502,-475,-544,-534,-669,-625,-656,-669,-797,-803,-871,-852,-4966,-4770,-2095,-1839]} 1. e4 c5 2. Nf3 d6 3. d4 cxd4 4. Nxd4 Nf6 5. Nc3 a6 6. Bg5 Nbd7 7. Qe2 e6 8. f4 Qc7 9. O-O-O b5 10. a3 {B96: Sicilian Najdorf: 6 Bg5 e6 7 f4, lines other than 7...Qb6 and 7...Be7.} Be7 $1 {[%mdl 4] is more profitable than 10...Bb7 at the moment.} 11. Bxf6 Nxf6 12. g4 {The position is equal.} Nd7 {[#]} 13. Bg2 $146 ({Predecessor:} 13. g5 Rb8 14. h4 b4 15. axb4 Rxb4 16. f5 Nc5 17. Bh3 Qb6 18. fxe6 fxe6 19. Rhf1 Rxb2 {0-1 (31) Pichot,A (2630)-Giri,A (2776) chess24.com INT 2021}) 13... Bb7 14. h4 Rc8 15. g5 Qc4 16. Qxc4 Rxc4 17. f5 Nc5 18. fxe6 fxe6 19. Rhe1 h6 20. Bf1 {[#]} Rxc3 21. bxc3 hxg5 22. hxg5 (22. e5 $11) 22... Bxg5+ $17 23. Kb2 Bf6 24. c4 (24. Re3 $17 {was worth a try.}) 24... bxc4 $19 ({Of course not} 24... Bxe4 25. cxb5 axb5 26. Bxb5+ Kf7 27. a4 $15) 25. Bxc4 Ke7 ({Weaker is} 25... Bxe4 26. Bxe6 $1 Kd8 27. Ka2 $11) 26. Ka2 Rh2 ({Black should try} 26... g5 $19 27. Re2 g4) 27. Re2 {[#]} Rh4 28. c3 Nxe4 29. Rd3 (29. Rc1 $17 {is a better defense.}) 29... d5 30. Bb3 Kd6 31. Bc2 (31. Kb2 $17) 31... Rh1 (31... a5 $19 {aiming for ...Ba6.} 32. Nb5+ Kc5) 32. Kb2 $17 a5 33. Rd1 Rxd1 34. Bxd1 e5 35. Nb5+ Kc5 36. Nc7 {This move loses the game for White.} (36. a4 $17 {was the only defense.}) 36... Bc6 {Strongly threatening ...Kd6.} 37. Bc2 Ng5 {Threatens to win with ...Kd6.} 38. a4 e4 39. Bb3 {[#]} Nf3 $1 40. Ne6+ $2 (40. Rc2) 40... Kd6 $19 {Black is clearly winning.} 41. Nf4 d4 42. cxd4 Nxd4 43. Rd2 e3 44. Rd3 Ke5 45. Nh5 Ke4 46. Rd1 Nxb3+ 47. Kxb3 Be5 {Weighted Error Value: White=0.63/Black=0.11} 0-1

[Event "Sheikh Russel GM 2021"]
[Site "Dhaka"]
[Date "2021.10.22"]
[Round "4.15"]
[White "Aronyak Ghosh"]
[Black "Srijit Paul"]
[Result "1/2-1/2"]
[WhiteElo "2445"]
[BlackElo "2332"]
[Annotator "TA"]
[PlyCount "113"]
[EventDate "2021.10.19"]
[EventType "swiss"]
[EventCountry "BAN"]
[SourceTitle "playchess.com"]
[Source "ChessBase"]
[SourceQuality "1"]

{[%evp 9,113,8,14,-6,18,16,16,18,20,16,30,25,27,29,24,26,40,29,29,37,33,31,21,35,63,0,43,25,14,17,14,14,27,26,41,0,41,41,54,47,61,54,66,60,31,48,50,58,75,28,34,3,3,0,0,0,3,3,3,3,4,5,41,0,0,0,0,0,0,0,0,0,0,0,0,0,0,0,0,0,0,0,0,0,0,0,0,0,0,0,0,0,0,0,0,0,0,0,0,0,0,0,0,0,0,0]} 1. Nf3 d5 2. c4 e6 3. e3 Nf6 4. b3 b6 5. Bb2 Bb7 6. g3 {A13: English Opening: 1...e6.} Nbd7 7. Bg2 Bd6 8. O-O O-O 9. Nc3 a6 10. Qe2 Qe7 11. Rac1 dxc4 12. bxc4 e5 13. d3 Rfe8 14. Rfd1 Nc5 {[#]} 15. Qc2 $146 ({Predecessor:} 15. e4 Qd7 16. Nd5 Nxd5 17. cxd5 c6 18. Nxe5 Bxe5 19. Bxe5 cxd5 20. Qb2 dxe4 21. dxe4 {1-0 (43) Seirawan,Y (2635)-Sveshnikov,E (2514) Vlissingen 2011}) 15... e4 16. dxe4 Ncxe4 17. Nd4 (17. Nd5 $14 Nxd5 18. cxd5) 17... Nxc3 18. Bxb7 Nxd1 19. Rxd1 c5 20. Nf5 {[%mdl 64] [#] Double Attack, Discovered Attack} Qxb7 21. Nxd6 Qf3 {And now ...Ne4 would win.} 22. Nxe8 (22. Bxf6 {seems wilder.} gxf6 23. Nxe8 Rxe8 24. Rd6 Re6 25. Rd7) 22... Rxe8 (22... Ne4 {keeps more tension.} 23. Nxg7 Nxf2 24. Qxf2 Qxd1+ 25. Kg2 Rd8) 23. Bxf6 Qxf6 $14 {[%mdl 4096] Endgame KQR-KQR} 24. Qa4 {[%cal Ra4e8] [#]} Ra8 25. Qd7 g6 26. Qb7 Rd8 27. Rxd8+ Qxd8 28. Qxa6 {KQ-KQ} Qd1+ 29. Kg2 Qb1 30. Qa4 Qe4+ 31. Kg1 Qb1+ 32. Kg2 Qe4+ 33. Kf1 Qb1+ 34. Ke2 h5 35. Qb3 Qc1 36. h4 (36. a3 {feels hotter.} Kh7 37. Qd3 Kh6 38. h3 Kg7 39. Qb3) 36... Kh7 {The position is equal.} 37. Kf3 Qh1+ 38. Ke2 Qc1 39. e4 Kg8 40. Qd3 (40. e5 {is more complex.} Qa1 41. e6 fxe6 42. Kf3 Kf7 43. Qxb6 Qc3+ 44. Kg2) 40... Kh7 41. a3 Kg7 42. f4 (42. Qb3 {keeps more tension.} Kf8 43. a4 Kg7 44. e5 Kh7 45. e6) 42... Qg1 43. Kd2 Qf2+ 44. Kc1 Qa2 45. e5 (45. Kd1 {is interesting.} Qf2 46. a4 Qa2 47. Ke1 Qxa4 48. Kf2) 45... Kh7 46. Qc3 Kg8 47. Qd3 Kg7 48. Kd1 Qf2 49. Qb3 (49. a4 {looks sharper.} Qa2 50. Ke1 Qxa4 51. Kf2 Qa1 52. Qe2) 49... Qf1+ 50. Kc2 $1 Qe2+ (50... Qg2+ {seems wilder.} 51. Kc1 Qf1+ 52. Kd2 Qg2+ 53. Kc1) 51. Kb1 Qe1+ 52. Ka2 Qe2+ 53. Kb1 Qe1+ 54. Kb2 Qf2+ 55. Kb1 Qe1+ 56. Kb2 Qf2+ 57. Kb1 {Weighted Error Value: White=0.05/Black=0.04} 1/2-1/2